Pleasant books in easy english : stage 2. eleven short stories /

Guardado en:
Autor Principal: Thornley, G C
Formato: Libro
Publicado: Inglaterra : Longmans, 1956
Materias:
Etiquetas: Agregar Etiqueta
Sin Etiquetas, Sea el primero en etiquetar este registro!
LEADER 00870nam a22002295a 4500
001 CEM.cems006241
005 20060214000000.0
008 130507s1956##################000#0#####d
003 CEMS
082 0 4 |a 428.64 
100 1 |a Thornley, G C 
245 1 0 |a Pleasant books in easy english :  |b stage 2. eleven short stories / 
260 |a Inglaterra :  |b Longmans,  |c 1956 
300 |a 79 p. 
653 |a Ingles 
653 |a Ingles-textos 
859 |a CEMS  |b BIB. CEMS - 11 de abril  |h 428.64  |i T393-1  |p 3088.74  |t Ej.1 
859 |a CEMS  |b BIB. CEMS - 11 de abril  |h 428.64  |i T393-1  |p 3089.74  |t Ej.2 
859 |a CEMS  |b BIB. CEMS - 11 de abril  |h 428.64  |i T393-1  |p 3090.74  |t Ej.3 
859 |a CEMS  |b BIB. CEMS - 11 de abril  |h 428.64  |i T393-1  |p 3091.74  |t Ej.4 
859 |a CEMS  |b BIB. CEMS - 11 de abril  |h 428.64  |i T393-1  |p 3165.74  |t Ej.5 
859 |a CEMS  |b BIB. CEMS - 11 de abril  |h 428.64  |i T393-1  |p 3280.74  |t Ej.6